000 01117nam a2200313 a 4500
001 000112994
003 CHAP
005 20220329144332.0
008 170310s2016 mx sm |||||||spa d
010 _a109455
011 _a110427
040 _cCHAP
090 _aTesis
100 1 _aVázquez Severino, Rosi Nereida
_9131707
245 1 0 _aRehabilitación ecológica en el Ejido la Florida, Municipio de Cardonal, Hidalgo
_h[En línea]
_cpor Rosi Nereida Vázquez Severino.
260 _aChapingo, Méx. :
_bEl autor,
_c2016.
500 _aPara ver el contenido del material haga clic en la liga
502 _aTesis (Ing. en Recursos Naturales Renovables) -- UACH. Departamento de Suelos
590 _aE5765TAJ
_b05
_c20170310
_lUCH01
_h0841
590 _aE5765TAJ
_b05
_c20170310
_lUCH01
_h0841
650 1 4 _aEjidos
_xHidalgo.
_936017
650 1 4 _aRestauración ecológica.
_9125157
650 1 4 _aSuelos
_xAnálisis.
_9110204
650 1 4 _aUso de la tierra
_zHidalgo.
_9131708
856 _aFinding aid
_uhttp://10.13.5.2/tesis/sist112994.pdf
_zTeclea aquí
901 _aBK
942 _cTESIS
942 _n0
999 _c109455
_d109455